Dilema ayah tunggal

Bibliographic Details
Main Author: Tomi Jefri
Corporate Author: Title
Format: Book
Published: Selangor : Vital Star , 2001
Series:Siri kerana hidup suatu pilihan
Subjects:

MARC

LEADER 00000cam a2200000 7i4500
001 0000000673
005 20151222.0
008 070702
020 |a 9830243990 
090 0 0 |a JF   |b MAL 
100 0 |a Tomi Jefri 
245 1 0 |a Dilema ayah tunggal   |c Tomi Jefri 
260 |a Selangor :   |b Vital Star ,   |c 2001 
440 |a Siri kerana hidup suatu pilihan 
500 |a Children ages 10-12 years old (pink) 
650 0 |a Junior fiction   |x Malay   |x Languages 
710 0 |a Title 
999 |a 0000958973   |b Book   |c Children Collection   |e Perbadanan Perpustakaan Awam Johor 
999 |a 0000958974   |b Book   |c Children Collection   |e Perbadanan Perpustakaan Awam Johor 
999 |a 0000958975   |b Book   |c Children Collection   |e Cawangan Sri Merlong 
999 |a 0000958976   |b Book   |c Children Collection   |e Perbadanan Perpustakaan Awam Johor 
999 |a 0000958977   |b Book   |c Children Collection   |e Cawangan Taman Sri Lambak